|
|
|
|
| LEADER |
01687nam a2200397 i 4500 |
| 001 |
EBC1348267 |
| 003 |
MiAaPQ |
| 005 |
20200520144314.0 |
| 006 |
m o d | |
| 007 |
cr cnu|||||||| |
| 008 |
140627s2005 gw a ob 001 0 ger|d |
| 020 |
|
|
|z 9783486576832
|
| 020 |
|
|
|a 9783486596311 (e-book)
|
| 035 |
|
|
|a (MiAaPQ)EBC1348267
|
| 035 |
|
|
|a (Au-PeEL)EBL1348267
|
| 035 |
|
|
|a (CaPaEBR)ebr10881900
|
| 035 |
|
|
|a (CaONFJC)MIL610821
|
| 035 |
|
|
|a (OCoLC)879550615
|
| 040 |
|
|
|a MiAaPQ
|b eng
|e rda
|e pn
|c MiAaPQ
|d MiAaPQ
|
| 050 |
|
4 |
|a DD237
|b .R35 2005
|
| 100 |
1 |
|
|a Raithel, Thomas,
|e author.
|
| 245 |
1 |
4 |
|a Das schwierige Spiel des Parlamentarismus :
|b Deutscher Reichstag und franzosische Chambre des Deputes in den Inflationskrisen der 1920er Jahre /
|c Thomas Raithel.
|
| 264 |
|
1 |
|a Munchen :
|b R. Oldenbourg Verlag,
|c 2005.
|
| 300 |
|
|
|a 1 online resource (644 pages) :
|b illustrations.
|
| 336 |
|
|
|a text
|2 rdacontent
|
| 337 |
|
|
|a computer
|2 rdamedia
|
| 338 |
|
|
|a online resource
|2 rdacarrier
|
| 490 |
1 |
|
|a Quellen und Darstellungen zur Zeitgeschichte ;
|v Band 62
|
| 504 |
|
|
|a Includes bibliographical references and index.
|
| 588 |
|
|
|a Description based on online resource; title from PDF title page (ebrary, viewed June 27, 2014).
|
| 590 |
|
|
|a Electronic reproduction. Ann Arbor, MI : ProQuest, 2015. Available via World Wide Web. Access may be limited to ProQuest affiliated libraries.
|
| 651 |
|
0 |
|a Germany
|x History
|y 1918-1933.
|
| 655 |
|
4 |
|a Electronic books.
|
| 797 |
2 |
|
|a ProQuest (Firm)
|
| 830 |
|
0 |
|a Quellen und Darstellungen zur Zeitgeschichte ;
|v Bd. 62.
|
| 856 |
4 |
0 |
|u https://ebookcentral.proquest.com/lib/matrademy/detail.action?docID=1348267
|z Click to View
|